000 00940cam a2200289 a 4500
001 2014
003 BD-RjUL
005 20211208233450.0
008 131210s1998 enk b 001 0 eng d
020 _a185383565X (pbk.)
020 _a1853835668 (hbk.)
035 _a(DLC) 99208468
035 _a(OCoLC)40323432
_a(BD-RjUL)2041
040 _aIL#
_cIL#
_dTJC
_dUKM
_dDLC
_dBD-RjUL
_beng
041 _aeng
082 0 0 _a304.6
_221
_bSIC
100 1 _aSingh, Jyoti Shankar,
_d1935-
_96607
245 1 0 _aCreating a new consensus on population :
_bthe International Conference on Population and Development /
_cJyoti Shankar Singh.
260 _aLondon :
_bEarthscan,
_c1998.
300 _axvi, 215 p. ;
_c24 cm.
504 _aIncludes bibliographical references (p. [196]-203) and index.
650 0 _aPopulation policy.
_96608
650 0 _aPopulation.
_96609
942 _2ddc
_cBK
999 _c2014
_d2014